<?xml version='1.0' encoding='UTF-8'?>
  <record xmlns="http://www.loc.gov/MARC21/slim">
    <leader>00000cam a22000001i 4500</leader>
    <controlfield tag="001">ocm14824547</controlfield>
    <controlfield tag="003">OCoLC</controlfield>
    <controlfield tag="005">20250901105757.6</controlfield>
    <controlfield tag="008">820626s1854    fr abf   b    000 0 fre  </controlfield>
    <datafield tag="040" ind1=" " ind2=" ">
      <subfield code="a">NLM</subfield>
      <subfield code="b">eng</subfield>
      <subfield code="c">NLM</subfield>
      <subfield code="d">CLU</subfield>
      <subfield code="d">CGC</subfield>
      <subfield code="d">UKMGB</subfield>
      <subfield code="d">UIU</subfield>
      <subfield code="d">OCLCQ</subfield>
      <subfield code="d">OCLCF</subfield>
      <subfield code="d">BOH</subfield>
      <subfield code="d">OCLCO</subfield>
      <subfield code="d">OCLCA</subfield>
      <subfield code="d">QGJ</subfield>
      <subfield code="d">NLM</subfield>
      <subfield code="d">OCLCO</subfield>
      <subfield code="d">OCLCQ</subfield>
      <subfield code="d">OCLCL</subfield>
      <subfield code="d">CLU</subfield>
      <subfield code="d">OCLCL</subfield>
      <subfield code="d">OCLCQ</subfield>
    </datafield>
    <datafield tag="016" ind1="7" ind2=" ">
      <subfield code="a">61610250R</subfield>
      <subfield code="2">DNLM</subfield>
    </datafield>
    <datafield tag="016" ind1="7" ind2=" ">
      <subfield code="a">000902705</subfield>
      <subfield code="2">Uk</subfield>
    </datafield>
    <datafield tag="019" ind1=" " ind2=" ">
      <subfield code="a">5384342</subfield>
      <subfield code="a">81863253</subfield>
      <subfield code="a">191988621</subfield>
    </datafield>
    <datafield tag="029" ind1="0" ind2=" ">
      <subfield code="a">NLM</subfield>
      <subfield code="b">61610250R</subfield>
    </datafield>
    <datafield tag="029" ind1="1" ind2=" ">
      <subfield code="a">NLGGC</subfield>
      <subfield code="b">853009392</subfield>
    </datafield>
    <datafield tag="029" ind1="1" ind2=" ">
      <subfield code="a">UKMGB</subfield>
      <subfield code="b">000902705</subfield>
    </datafield>
    <datafield tag="035" ind1=" " ind2=" ">
      <subfield code="a">(OCoLC)14824547</subfield>
      <subfield code="z">(OCoLC)5384342</subfield>
      <subfield code="z">(OCoLC)81863253</subfield>
      <subfield code="z">(OCoLC)191988621</subfield>
    </datafield>
    <datafield tag="043" ind1=" " ind2=" ">
      <subfield code="a">s------</subfield>
    </datafield>
    <datafield tag="050" ind1=" " ind2="4">
      <subfield code="a">QK495.Q5</subfield>
      <subfield code="b">D4</subfield>
    </datafield>
    <datafield tag="060" ind1="0" ind2="0">
      <subfield code="a">QV</subfield>
      <subfield code="b">D359q 1854</subfield>
    </datafield>
    <datafield tag="082" ind1="1" ind2="4">
      <subfield code="a">615.1</subfield>
      <subfield code="q">OCoLC</subfield>
      <subfield code="2">23/eng/20230216</subfield>
      <subfield code="1">https://id.oclc.org/worldcat/ddc/E3WX9Cm8hFQyxyGYH9X9cwbqQP</subfield>
    </datafield>
    <datafield tag="100" ind1="1" ind2=" ">
      <subfield code="a">Delondre, A.</subfield>
      <subfield code="q">(Auguste)</subfield>
      <subfield code="1">https://id.oclc.org/worldcat/entity/E39PBJjxqKG6yV6vgXfJvtPRKd</subfield>
    </datafield>
    <datafield tag="245" ind1="1" ind2="0">
      <subfield code="a">Quinologie; des quinquinas et des questions qui, dans l'état présent de la science et du commerce, s'y rattachent avec le plus d'actualité /</subfield>
      <subfield code="c">par A. Delondre et par A. Bouchardat.</subfield>
    </datafield>
    <datafield tag="260" ind1=" " ind2=" ">
      <subfield code="a">Paris :</subfield>
      <subfield code="b">Germer Baillière,</subfield>
      <subfield code="c">1854.</subfield>
    </datafield>
    <datafield tag="300" ind1=" " ind2=" ">
      <subfield code="a">48 pages, [23] leaves of plates :</subfield>
      <subfield code="b">color illustrations, map ;</subfield>
      <subfield code="c">30 cm</subfield>
    </datafield>
    <datafield tag="336" ind1=" " ind2=" ">
      <subfield code="a">text</subfield>
      <subfield code="b">txt</subfield>
      <subfield code="2">rdacontent</subfield>
    </datafield>
    <datafield tag="337" ind1=" " ind2=" ">
      <subfield code="a">unmediated</subfield>
      <subfield code="b">n</subfield>
      <subfield code="2">rdamedia</subfield>
    </datafield>
    <datafield tag="338" ind1=" " ind2=" ">
      <subfield code="a">volume</subfield>
      <subfield code="b">nc</subfield>
      <subfield code="2">rdacarrier</subfield>
    </datafield>
    <datafield tag="340" ind1=" " ind2=" ">
      <subfield code="m">folio.</subfield>
      <subfield code="2">rdabf</subfield>
    </datafield>
    <datafield tag="504" ind1=" " ind2=" ">
      <subfield code="a">Includes bibliographical references.</subfield>
    </datafield>
    <datafield tag="505" ind1="0" ind2=" ">
      <subfield code="a">Aperçu historique des quinquinas -- Épisode du voyage de M. Delondre dans les mers du Sud (1846 á 1848) -- Description des quinquinas en suivant la chaîne des Andes, depuis la Bolivie jusqu'a la Nouvelle-Granade -- Déductions pratiques.</subfield>
    </datafield>
    <datafield tag="650" ind1=" " ind2="0">
      <subfield code="a">Cinchona.</subfield>
    </datafield>
    <datafield tag="650" ind1=" " ind2="0">
      <subfield code="a">Medicinal plants</subfield>
      <subfield code="z">South America.</subfield>
    </datafield>
    <datafield tag="650" ind1=" " ind2="0">
      <subfield code="a">Rubiaceae</subfield>
      <subfield code="x">Anatomy.</subfield>
    </datafield>
    <datafield tag="650" ind1=" " ind2="2">
      <subfield code="a">Plants, Medicinal</subfield>
    </datafield>
    <datafield tag="651" ind1=" " ind2="2">
      <subfield code="a">South America</subfield>
    </datafield>
    <datafield tag="650" ind1=" " ind2="2">
      <subfield code="a">Cinchona</subfield>
    </datafield>
    <datafield tag="650" ind1=" " ind2="6">
      <subfield code="a">Quinquina (Plante)</subfield>
    </datafield>
    <datafield tag="650" ind1=" " ind2="6">
      <subfield code="a">Rubiacées</subfield>
      <subfield code="x">Anatomie.</subfield>
    </datafield>
    <datafield tag="650" ind1=" " ind2="6">
      <subfield code="a">Plantes médicinales.</subfield>
    </datafield>
    <datafield tag="650" ind1=" " ind2="7">
      <subfield code="a">Cinchona.</subfield>
      <subfield code="2">fast</subfield>
      <subfield code="0">(OCoLC)fst00861457</subfield>
    </datafield>
    <datafield tag="651" ind1=" " ind2="7">
      <subfield code="a">South America.</subfield>
      <subfield code="2">fast</subfield>
      <subfield code="0">(OCoLC)fst01244515</subfield>
      <subfield code="1">https://id.oclc.org/worldcat/entity/E39PBJkXBJV9Hk6cKTTG6C3fbd</subfield>
    </datafield>
    <datafield tag="700" ind1="1" ind2=" ">
      <subfield code="a">Bouchardat, A.</subfield>
      <subfield code="q">(Apollinaire),</subfield>
      <subfield code="d">1806-1886.</subfield>
      <subfield code="1">https://id.oclc.org/worldcat/entity/E39PBJkdh3qQGx6RhXyhR8Kcfq</subfield>
    </datafield>
    <datafield tag="700" ind1="1" ind2=" ">
      <subfield code="a">Baillière, Germer,</subfield>
      <subfield code="d">1807-1858,</subfield>
      <subfield code="e">bookseller.</subfield>
    </datafield>
    <datafield tag="700" ind1="1" ind2=" ">
      <subfield code="a">Weddell, H. A.</subfield>
      <subfield code="q">(Hugh Algernon),</subfield>
      <subfield code="d">1819-1877.</subfield>
      <subfield code="t">Carte général des Andes intertropicales montrant la distribution géographique du genre Cinchona.</subfield>
    </datafield>
    <datafield tag="700" ind1="1" ind2=" ">
      <subfield code="a">Humboldt, Alexander von,</subfield>
      <subfield code="d">1769-1859.</subfield>
      <subfield code="t">Géographie des plantes équinoxiales.</subfield>
    </datafield>
    <datafield tag="700" ind1="1" ind2=" ">
      <subfield code="a">Bonpland, Aimé,</subfield>
      <subfield code="d">1773-1858.</subfield>
      <subfield code="t">Géograghie des plantes équinoxiales.</subfield>
    </datafield>
    <datafield tag="758" ind1=" " ind2=" ">
      <subfield code="i">has work:</subfield>
      <subfield code="a">Quinologie (Text)</subfield>
      <subfield code="1">https://id.oclc.org/worldcat/entity/E39PCGhpVdqhC7g7MgXdBmYgKd</subfield>
      <subfield code="4">https://id.oclc.org/worldcat/ontology/hasWork</subfield>
    </datafield>
    <datafield tag="776" ind1="0" ind2="8">
      <subfield code="i">Also issued on microfilm.</subfield>
      <subfield code="d">[Bethesda, Md.] : National Library of Medicine, 1996.</subfield>
      <subfield code="h">1 microfilm reel : negative ; 35 mm.</subfield>
    </datafield>
  </record>